[Event "AUTO-BEG-347"]
[Site "http://www.queenalice.com/game.php?id=668516"]
[Date "2009.10.17"]
[Round "1"]
[White "McFly"]
[Black "wiking"]
[Result "1-0"]
[WhiteElo "1100"]
[BlackElo "1176"]

1. e4 e5 2. Nc3 Nf6 3. d4 d6 4. dxe5 dxe5 5. Qxd8+ Kxd8 6. Bg5 Be6 7. Nf3 Nd7 8.
Bb5 c6 9. Ba4 Bb4 10. O-O Bxc3 11. bxc3 h6 12. Bh4 g5 13. Bg3 Nxe4 14. Rfd1 f6
15. Bb3 Bxb3 16. cxb3 1-0

[Event "AUTO-BEG-347"]
[Site "http://www.queenalice.com/game.php?id=668517"]
[Date "2009.10.17"]
[Round "1"]
[White "wiking"]
[Black "McFly"]
[Result "1-0"]
[WhiteElo "1081"]
[BlackElo "1338"]

1. b4 e5 2. Bb2 d6 3. h3 Nf6 4. c4 d5 5. cxd5 Nxd5 6. a3 Qf6 7. e4 Nf4 8. Nc3
Be6 9. Nb5 Qe7 10. Bxe5 Nd7 11. Bxf4 Bf5 12. Qe2 Bxe4 13. Nxc7+ Kd8 14. Nxa8 Qf6
15. Bc7+ Kc8 16. Rd1 Qe6 17. Rc1 Bc6 18. Qxe6 fxe6 19. Rxc6 bxc6 20. Ba6# 1-0

[Event "AUTO-BEG-348"]
[Site "http://www.queenalice.com/game.php?id=669986"]
[Date "2009.10.20"]
[Round "1"]
[White "josa23"]
[Black "McFly"]
[Result "1-0"]
[WhiteElo "1667"]
[BlackElo "1289"]

1. e4 e5 2. f3 Nc6 3. Bb5 Nd4 4. Bc4 d6 5. Nc3 Qh4+ 6. g3 Qf6 7. Nd5 Qd8 8. c3
c6 9. cxd4 cxd5 10. Bxd5 exd4 11. Qa4+ Bd7 12. Qc4 Be6 13. Bxe6 fxe6 14. Qxe6+
Ne7 15. Ne2 d3 16. Nf4 Qd7 17. Qxd7+ Kxd7 18. Nxd3 Ng6 19. O-O Be7 20. Nb4 Bf6
21. d4 Bxd4+ 22. Kg2 a5 23. Nd5 Ne7 24. Nxe7 Kxe7 25. Rd1 Be5 26. Bf4 Bxf4 27.
gxf4 g6 28. Rd5 Rhf8 29. Kg3 h5 30. Rad1 Rad8 31. Rxa5 Ke6 32. Rb5 Rf7 33. Rd3
Rfd7 34. Rdd5 Ra8 35. a3 Rc8 36. Rg5 Kf6 37. Rgd5 Rc2 38. e5+ Ke6 39. exd6 Rxd6
40. Re5+ Kf6 41. Rxb7 Rd1 42. Rb6+ Kg7 43. Re7+ Kh6 44. Rb8 Rg1+ 45. Kh3 1-0

[Event "AUTO-BEG-348"]
[Site "http://www.queenalice.com/game.php?id=669987"]
[Date "2009.10.20"]
[Round "1"]
[White "McFly"]
[Black "josa23"]
[Result "0-1"]
[WhiteElo "1288"]
[BlackElo "1669"]

1. e4 e5 2. Nf3 Nc6 3. d4 exd4 4. Nxd4 Qe7 5. Qd3 Nf6 6. Nxc6 dxc6 7. Bg5 Qxe4+
8. Qxe4+ Nxe4 9. Nd2 Nxg5 10. Bc4 Bb4 11. O-O-O Bxd2+ 12. Rxd2 Be6 13. Re1 O-O
14. Bxe6 Nxe6 15. h4 Rad8 16. Rde2 Nf4 17. Re7 Nxg2 18. R1e4 f5 19. Rb4 Rfe8 20.
Rxe8+ Rxe8 21. Rxb7 Nxh4 22. Rxc7 Re2 23. b3 Rxf2 24. Rxc6 Re2 25. Rc4 Ng2 26.
Rc7 f4 27. Rxa7 Re6 28. Ra8+ Kf7 29. Ra7+ Re7 30. Ra5 Re6 31. Rg5 f3 32. Kb2 Rf6
33. Rd5 f2 34. Rd7+ Kg6 35. Rd1 Ne3 36. Rh1 f1=Q 37. Rxf1 Rxf1 38. a4 h5 39. a5
Nd5 40. c4 Nc7 41. b4 Kf5 42. Kb3 Ke4 43. b5 Kd4 44. a6 Rf6 45. Kb4 h4 46. Ka5
Kxc4 47. a7 Na8 0-1

[Event "AUTO-BEG-348"]
[Site "http://www.queenalice.com/game.php?id=670000"]
[Date "2009.10.20"]
[Round "1"]
[White "littlespanish"]
[Black "McFly"]
[Result "1-0"]
[WhiteElo "1328"]
[BlackElo "1355"]

1. e4 e5 2. Nf3 Nc6 3. Bc4 h6 4. d3 Nd4 5. Nxd4 exd4 6. c3 Nf6 7. Bf4 dxc3 8.
Nxc3 Bb4 9. a3 Bxc3+ 10. bxc3 c6 11. d4 d5 12. exd5 cxd5 13. Bb5+ Bd7 14. Bxd7+
Qxd7 15. a4 Qe6+ 16. Qe2 Qxe2+ 17. Kxe2 O-O 18. Rab1 Rfe8+ 19. Kd3 g5 20. Be5
Kg7 21. Rxb7 Kg6 22. Rhb1 Nd7 23. Rxd7 f6 24. Rd6 Rad8 25. Rxf6+ Kh5 26. Rb7 Rf8
27. Rxf8 Rxf8 28. Rxa7 Rxf2 29. g3 Rf3+ 30. Kc2 Kg4 31. a5 Rf2+ 32. Kb3 Rxh2 33.
a6 Rh1 34. Rh7 h5 35. a7 Ra1 36. Kb4 Kf5 37. Kc5 Ke4 38. c4 Ra5+ 39. Kb6 Ra4 40.
Kb7 dxc4 41. a8=Q Rxa8 42. Kxa8 c3 43. Rxh5 c2 44. Rh1 Kd3 45. Rc1 Kd2 46. Rxc2+
Kxc2 47. d5 Kd3 48. d6 Ke4 49. d7 Kxe5 50. d8=Q Kf5 51. Qe8 Kg4 52. Qg8 Kh5 53.
Kb7 Kg4 54. Kc6 Kxg3 55. Qxg5+ Kf3 56. Qh4 Ke3 57. Kc5 1-0

[Event "AUTO-BEG-348"]
[Site "http://www.queenalice.com/game.php?id=670001"]
[Date "2009.10.20"]
[Round "1"]
[White "McFly"]
[Black "littlespanish"]
[Result "0-1"]
[WhiteElo "1422"]
[BlackElo "1185"]

1. e4 e5 2. Nc3 Nf6 3. d4 exd4 4. Qxd4 d6 5. Bg5 Be7 6. O-O-O Bg4 7. f3 Be6 8.
Bxf6 Bxf6 9. Qa4+ Bd7 10. Bb5 c6 11. Bc4 b5 12. Bxb5 cxb5 13. Nxb5 Bd4 14. Rxd4
Qg5+ 15. Kb1 Qe3 16. b3 Qe1+ 17. Kb2 O-O 18. Rxd6 Rd8 19. Qd4 f6 20. Qd5+ Kh8
21. Qxa8 h5 22. Qd5 a6 23. Nd4 Qb4 24. Ne6 Rc8 25. Qxh5+ Kg8 26. e5 Qc3+ 27. Ka3
Qxc2 28. Nd4 Qc1+ 29. Kb4 a5+ 30. Kxa5 Qa3+ 31. Kb6 Qa6# 0-1

[Event "AUTO-BEG-348"]
[Site "http://www.queenalice.com/game.php?id=670010"]
[Date "2009.10.20"]
[Round "1"]
[White "McFly"]
[Black "louni"]
[Result "1-0"]
[WhiteElo "1327"]
[BlackElo "1396"]

1. e4 e5 2. Nf3 Nc6 3. Nc3 Bc5 4. d3 Nf6 5. Bg5 O-O 6. Nd5 h6 7. Nxf6+ Kh8 8.
Be3 Bxe3 9. Nd5 Bc5 10. Be2 Nd4 11. Nxd4 Bxd4 12. c3 Bc5 13. d4 Bd6 14. dxe5
Bxe5 15. Qd2 c6 16. Nb4 a5 17. Nd3 f6 18. Nxe5 fxe5 19. O-O b5 20. Qd6 Re8 21.
Bh5 Rf8 22. g3 Rf6 23. Qxe5 d6 24. Rad1 Re6 25. Qd4 c5 26. Qd5 Bd7 27. Bg4 Re5
28. Qxd6 Rxe4 29. Bxd7 Re7 30. Bc6 Qxd6 31. Rxd6 Rb8 32. Kg2 Re2 33. Rb1 Kh7 34.
Rbd1 Rf8 35. Bf3 Re7 36. R1d5 Rc8 37. Bg4 g6 38. Bxc8 1-0

[Event "AUTO-BEG-348"]
[Site "http://www.queenalice.com/game.php?id=670011"]
[Date "2009.10.20"]
[Round "1"]
[White "louni"]
[Black "McFly"]
[Result "1-0"]
[WhiteElo "1436"]
[BlackElo "1302"]

1. e4 e5 2. Nc3 Bc5 3. d3 Qf6 4. f3 Ne7 5. Nb5 Bb6 6. Be3 Qc6 7. d4 d6 8. d5
Nxd5 9. exd5 Qd7 10. Bxb6 cxb6 11. Qd3 a6 12. Qa3 O-O 13. Nxd6 Qe7 14. O-O-O Qc7
15. Nb5 Qc5 16. Qxc5 bxc5 17. Nc7 Ra7 18. d6 Bf5 19. Rd5 Rd8 20. Rxe5 Be6 21.
Nxe6 fxe6 22. Rxe6 b5 23. c4 b4 24. Nh3 h6 25. Bd3 Nd7 26. Re7 a5 27. Rhe1 Kf8
28. Bf5 Ra6 29. Rxd7 Rxd7 30. Bxd7 Rxd6 31. Ba4 Rd4 32. Bb5 a4 33. Re5 Kf7 34.
Rxc5 a3 35. b3 Rd6 36. Rc7+ Kg8 37. c5 Rf6 38. Rc8+ Kf7 39. Bc4+ Kg6 40. c6 Rd6
41. Nf4+ Kg5 42. g3 g6 43. Nh3+ Kf5 44. Nf2 g5 45. Rf8+ Kg6 46. c7 Rc6 47. c8=Q
Rxc8 48. Rxc8 h5 49. Rg8+ Kf6 50. Ne4+ Ke5 51. Rxg5+ Kd4 52. Rxh5 1-0

[Event "AUTO-BEG-349"]
[Site "http://www.queenalice.com/game.php?id=672390"]
[Date "2009.10.25"]
[Round "1"]
[White "McFly"]
[Black "PLQ"]
[Result "1-0"]
[WhiteElo "1320"]
[BlackElo "1206"]

1. e4 e5 2. Nf3 d6 3. Bc4 Be6 4. Bxe6 fxe6 5. d3 d5 6. exd5 exd5 7. Nxe5 Qe7 8.
d4 Nc6 9. O-O Nxe5 10. dxe5 c6 11. Re1 Qc7 12. Bf4 Bc5 13. Qh5+ g6 14. Qg4 Bb4
15. e6 Qg7 16. Be5 Nf6 17. Qxb4 b6 18. Qd6 Rd8 19. Qxc6+ Ke7 20. Qc7+ Kf8 21.
Qxd8+ Ne8 22. Bxg7+ Kxg7 23. Qd7+ Kf8 24. Qf7# 1-0

[Event "AUTO-BEG-349"]
[Site "http://www.queenalice.com/game.php?id=672391"]
[Date "2009.10.25"]
[Round "1"]
[White "PLQ"]
[Black "McFly"]
[Result "0-1"]
[WhiteElo "1206"]
[BlackElo "1336"]

1. Nf3 e6 2. e4 d5 3. d4 dxe4 4. Ne5 Bd6 5. Qe2 Bxe5 6. dxe5 Qd5 7. Nc3 Qxe5 8.
Nxe4 h6 9. Qe3 Nf6 10. Bd3 Nxe4 11. Bxe4 Nd7 12. O-O Nf6 13. Bd3 Qxe3 14. Bxe3
Bd7 15. b3 Nd5 16. Bd4 O-O 17. Rfe1 b6 18. Re5 f6 19. Rh5 Nf4 20. Rh4 Nxd3 21.
cxd3 e5 22. Be3 g5 23. Rxh6 Kg7 24. Rh5 Be8 25. Rh3 Rh8 26. Rxh8 Kxh8 27. a4 a5
28. g3 Rd8 29. Rd1 Bf7 30. d4 Bxb3 31. Ra1 exd4 32. Bd2 Rd6 33. Ra3 Be6 34. f3
Bh3 35. f4 g4 36. Ra1 f5 37. Re1 Kg7 38. Re7+ Kf6 39. Rxc7 Re6 40. Rd7 Re2 41.
Rd6+ Ke7 42. Rxd4 Rg2+ 43. Kf1 Rxh2+ 44. Ke1 Rh1+ 45. Ke2 Rg1 46. Be3 Rxg3 47.
Rd3 Rg2+ 48. Bf2 Rh2 49. Rd1 g3 50. Kd3 gxf2 51. Kd4 f1=Q 52. Rxf1 Bxf1 53. Ke5
Bh3 54. Kd5 Rc2 55. Kd4 Ra2 56. Kd5 Rxa4 57. Kc6 Rb4 58. Kb7 a4 59. Ka7 a3 60.
Ka6 Rxf4 61. Kxb6 a2 62. Kc7 a1=Q 63. Kc8 Rc4+ 64. Kb7 Qb1+ 65. Ka6 Ra4# 0-1

[Event "AUTO-BEG-349"]
[Site "http://www.queenalice.com/game.php?id=672392"]
[Date "2009.10.25"]
[Round "1"]
[White "McFly"]
[Black "faver_154"]
[Result "1-0"]
[WhiteElo "1281"]
[BlackElo "1689"]

1. e4 d6 2. Nf3 Bg4 3. Bb5+ c6 4. Ba4 Nd7 5. h3 Bh5 6. d4 Qa5+ 7. Nc3 Ngf6 8.
Qd3 Bg6 9. O-O Nxe4 10. Qe3 Nxc3 11. Qxc3 Qxa4 12. b3 Qb5 13. Re1 Nf6 14. a4 Qb6
15. Ng5 Nd5 16. Qf3 Qxd4 17. Be3 Nxe3 18. fxe3 Qc5 19. Ne4 Bxe4 20. Qf4 Qxc2 21.
Qg4 Bf5 22. Qf3 Be4 23. Qg3 O-O-O 24. Rac1 Qxb3 25. Qf4 Qe6 26. a5 g5 27. Qxg5
Bh6 28. Qh4 Rhg8 29. Re2 Bg5 30. Qg3 Bf6 31. Qf4 Qd5 32. Qf1 Bd3 33. Rd2 Bxf1
34. Rxd5 Bxg2 35. Rd2 Bxh3+ 36. Kh2 Be6 37. a6 Be5+ 38. Kh1 Bd7 39. Rg2 Rxg2 40.
Kxg2 1-0

[Event "AUTO-BEG-349"]
[Site "http://www.queenalice.com/game.php?id=672393"]
[Date "2009.10.25"]
[Round "1"]
[White "faver_154"]
[Black "McFly"]
[Result "1-0"]
[WhiteElo "1434"]
[BlackElo "1320"]

1. e4 e5 2. Nf3 Nc6 3. d4 d6 4. Be2 Bg4 5. c3 exd4 6. cxd4 Bxf3 7. Bxf3 Qf6 8.
Be3 O-O-O 9. O-O g6 10. Nc3 Kb8 11. Nd5 Qe6 12. Nf4 Qf6 13. d5 Bh6 14. dxc6 Bxf4
15. Qb3 b6 16. Bxf4 Qxf4 17. Qb5 Qe5 18. Qa6 1-0

[Event "AUTO-BEG-349"]
[Site "http://www.queenalice.com/game.php?id=672394"]
[Date "2009.10.25"]
[Round "1"]
[White "McFly"]
[Black "bongo12"]
[Result "0-1"]
[WhiteElo "1356"]
[BlackElo "1140"]

1. e4 Nf6 2. Nc3 d6 3. d4 g6 4. Nf3 Bg7 5. Bc4 O-O 6. Ng5 h6 7. Bxf7+ Rxf7 8.
Nxf7 Kxf7 9. Be3 Nc6 10. d5 Ne5 11. Qd4 c5 12. Qd2 Nc4 13. Qe2 Nxe3 14. Qxe3 a6
15. O-O-O Qc7 16. h3 b5 17. a3 b4 18. axb4 cxb4 19. Na4 Bd7 20. Nb6 Rb8 21. Nxd7
Nxd7 22. Qf4+ Kg8 23. Qg4 Ne5 24. Qe6+ Kh7 25. f4 Rc8 26. Rd2 Nc4 27. Re2 Nxb2
28. f5 Nd3+ 29. Kd1 Ne5 30. fxg6+ Nxg6 31. Rf1 b3 32. Kc1 b2+ 33. Kb1 Qa5 34. c3
Qa1+ 35. Kc2 Qxf1 36. Kxb2 Qxe2+ 37. Kb3 Rxc3+ 0-1

[Event "AUTO-BEG-349"]
[Site "http://www.queenalice.com/game.php?id=672395"]
[Date "2009.10.25"]
[Round "1"]
[White "bongo12"]
[Black "McFly"]
[Result "1-0"]
[WhiteElo "1081"]
[BlackElo "1390"]

1. e4 e5 2. Nf3 Nc6 3. d4 exd4 4. Nxd4 Nxd4 5. Qxd4 Nf6 6. c4 Bb4+ 7. Bd2 Bxd2+
8. Nxd2 Qe7 9. Bd3 Qb4 10. a3 Qa4 11. e5 Nd5 12. Qxd5 O-O 13. O-O c6 14. Qe4 Qa5
15. Qxh7# 1-0

[Event "AUTO-BEG-347"]
[Site "http://www.queenalice.com/game.php?id=736807"]
[Date "2010.2.24"]
[Round "2"]
[White "McFly"]
[Black "jamsession"]
[Result "0-1"]
[WhiteElo "1311"]
[BlackElo "1719"]

1. e4 e5 2. Nf3 d6 3. d4 exd4 4. Qxd4 a6 5. e5 Nc6 6. Qd1 dxe5 7. Qxd8+ Kxd8 8.
Bc4 f6 9. O-O Bd6 10. c3 Nge7 11. Nbd2 Bf5 12. Nb3 Ng6 13. Rd1 Ke7 14. Be3 b5
15. Bd5 Bd7 16. Nc5 Rhb8 17. b4 Nf8 18. Nxd7 Kxd7 19. Bc5 a5 20. Nh4 axb4 21.
cxb4 Ra6 22. Nf5 Nxb4 23. Nxd6 cxd6 24. Bxb4 h6 25. Be4 Ke7 26. g3 g6 27. Bxd6+
Rxd6 28. Rxd6 Kxd6 29. Rb1 f5 30. Bd3 b4 31. f4 e4 32. Be2 Ne6 33. Rd1+ Kc7 34.
Bc4 Nc5 35. Bf7 Rb6 36. Rd5 Nd3 0-1

[Event "AUTO-BEG-347"]
[Site "http://www.queenalice.com/game.php?id=736808"]
[Date "2010.2.24"]
[Round "2"]
[White "jamsession"]
[Black "McFly"]
[Result "1-0"]
[WhiteElo "1721"]
[BlackElo "1309"]

1. e4 e5 2. Nf3 Nc6 3. Bb5 a6 4. Ba4 Nf6 5. O-O d5 6. Bxc6+ bxc6 7. exd5 Bg4 8.
dxc6 Qd5 9. Nc3 Qxc6 10. Re1 Bd6 11. d4 e4 12. h3 Bh5 13. g4 Bxg4 14. hxg4 O-O
15. Ng5 Qd7 16. Ngxe4 Nxg4 17. Nxd6 cxd6 18. f3 Nf6 19. Kg2 Rae8 20. Rxe8 Rxe8
21. Bf4 Nh5 22. Bh2 Qf5 23. Ne4 Qg6+ 24. Kf2 d5 25. Nc3 Qg5 26. Qd3 Qh4+ 27. Kg2
Qg5+ 28. Kf2 Qh4+ 29. Kg2 Nf4+ 30. Bxf4 Qxf4 31. Rh1 g6 32. Nxd5 Qg5+ 33. Kf2
Qxd5 34. c4 Qg5 35. d5 h5 36. b4 Qf6 37. Qd2 Rb8 38. a3 1-0

[Event "AUTO-BEG-676"]
[Site "http://www.queenalice.com/game.php?id=1760885"]
[Date "2021.5.29"]
[Round "1"]
[White "McFly"]
[Black "francisc059"]
[Result "0-1"]
[WhiteElo "1336"]
[BlackElo "1424"]

1. d4 Nf6 2. Nc3 g6 3. e4 Bg7 4. e5 Ng8 5. Nf3 e6 6. Bg5 Ne7 7. Bxe7 Qxe7 8. Nb5
Qb4+ 9. c3 Qa5 10. Qc2 a6 11. Na3 d6 12. Nc4 Qd5 13. Bd3 dxe5 14. Nb6 cxb6 15.
O-O exd4 16. cxd4 Nc6 17. b3 Nb4 18. Qc3 Nxd3 19. Qxd3 O-O 20. Rad1 Bd7 21. a4
Rac8 22. h4 b5 23. Qe3 f6 24. g3 Bc6 25. Rd3 bxa4 26. Rc3 axb3 27. Rb1 e5 28.
dxe5 fxe5 29. Nd2 Qh1# 0-1

[Event "AUTO-BEG-676"]
[Site "http://www.queenalice.com/game.php?id=1760886"]
[Date "2021.5.29"]
[Round "1"]
[White "francisc059"]
[Black "McFly"]
[Result "1-0"]
[WhiteElo "1463"]
[BlackElo "1336"]

1. d4 d5 2. Nf3 Nf6 3. Bf4 e6 4. e3 Bb4+ 5. c3 Bd6 6. Bxd6 Qxd6 7. Bd3 O-O 8.
Qc2 Nc6 9. Nbd2 g6 10. h4 Ng4 11. h5 Kg7 12. hxg6 fxg6 13. Be2 e5 14. dxe5 Ngxe5
15. O-O-O Bf5 16. e4 dxe4 17. Nxe4 Qe7 18. Nxe5 Nxe5 19. f3 Nc6 20. Bd3 Rad8 21.
g4 Bxe4 22. Bxe4 Rxd1+ 23. Rxd1 Qe6 24. Kb1 b5 25. Bd5 Qf6 26. g5 Qf5 27. Bxc6
Qxc2+ 28. Kxc2 a6 29. Rd7+ Rf7 30. Rxf7+ Kxf7 31. Bb7 a5 32. Bc6 b4 33. cxb4
axb4 34. a3 bxa3 35. bxa3 Ke6 36. Kd3 Ke5 37. a4 Kf4 38. a5 Kxg5 39. a6 h5 40.
a7 Kh4 41. a8=Q Kg3 42. Qg8 1-0